Woman : an historical gynæcological and anthropological compendium. Volume two /

Bibliographic Details
Main Authors: Ploss, Hermann Heinrich, 1819-1885 (Author), Bartels, Max (Maximilian), 1843-1904 (Author), Bartels, Paul, 1874-1914 (Author)
Corporate Author: ScienceDirect (Online service)
Other Authors: Dingwall, Eric John (Editor)
Format: eBook
Language:English
Published: London : William Heinemann (Medical Books) Ltd., [1935]
Subjects:
Online Access:Connect to the full text of this electronic book

MARC

Tag First Indicator Second Indicator Subfields
LEADER 00000cam a2200000 i 4500
001 in00005757607
005 20260326211734.0
006 m o d
007 cr cnu---unuuu
008 141029s1935 enkaf o 000 0 eng d
040 |a OPELS  |b eng  |e rda  |e pn  |c OPELS  |d OPELS  |d OCLCF  |d OCLCQ  |d VLY  |d OCLCQ  |d OCLCO  |d OCLCQ  |d OCLCO  |d OCLCL  |d OCLCQ 
020 |a 9781483166711  |q (electronic bk.) 
020 |a 1483166716  |q (electronic bk.) 
035 |a (OCoLC)893977736 
050 4 |a HQ1101 
082 0 4 |a 305.4  |2 23 
049 |a TXAM 
100 1 |a Ploss, Hermann Heinrich,  |d 1819-1885,  |e author.  |1 https://id.oclc.org/worldcat/entity/E39PBJp6c8bXvGfwprtxdfV3cP 
245 1 0 |a Woman :  |b an historical gynæcological and anthropological compendium.  |n Volume two /  |c by Hermann Heinrich Ploss, Max Bartels and Paul Bartels ; edited by Eric John Dingwall. 
264 1 |a London :  |b William Heinemann (Medical Books) Ltd.,  |c [1935] 
264 4 |c ©1935 
300 |a 1 online resource :  |b illustrations, color plates 
336 |a text  |b txt  |2 rdacontent 
337 |a computer  |b c  |2 rdamedia 
338 |a online resource  |b cr  |2 rdacarrier 
588 0 |a Print version record. 
505 0 |a Front Cover; An Historical Gynæcological and Anthropological Compendium; Copyright Page; Table of Contents; CHAPTER I. INITIATION INTO SEXUAL EXPERIENCE; 1. WOMAN'S RELATIONSHIPS WITH THE MALE SEX; 2. FEMALE ""MODESTY''; 3. FEMALE MODESTY AMONG SAVAGES; 4. MODESTY AMONG THE MORE HIGHLY CIVILISED RACES; 5. CHASTITY IN WOMAN; 6. CHASTITY IN MODERN EUROPEAN CIVILISATION; CHAPTER II. VIRGINITY: WOMAN AS MAIDEN; 1. MAGIC AND ORACLES FOR DETERMINING VIRGINITY; 2. THE DISREGARD FOR VIRGINITY; 3. REGARD FOR VIRGINITY; 4. LOSS OF VIRGINITY; 5. ARTIFICIAL SIMULATION OR RESTORATION OF VIRGINITY 
505 8 |a CHAPTER III. WOMAN IN THE SEXUAL ACT1. SEXUAL INTERCOURSE; 2. ORDINANCES AND ABSTINENCE; 3. CEREMONIAL ABSTINENCE; 4. POSITION IN COITUS; 5. RITUAL COITUS; 6. MASTURBATION, TRIBADISM AND BESTIALITY; CHAPTER IV. PROSTITUTION; 1. DEFINITION AND ORIGIN OF PROSTITUTION; 2. ETHNOGRAPHY OF PROFESSIONAL PROSTITUTION; 3. COMPULSORY PROSTITUTION OF WIVES; 4. TEMPORARY AND PROFESSIONAL PROSTITUTION; 5. HISTORY OF PROFESSIONAL PROSTITUTION IN EUROPE; 6. ABOLITION AND RE-INTRODUCTION OF BROTHELS; 7. THE PREVENTION OF PROSTITUTION; 8. THE ANTHROPOLOGY OF PROSTITUTION 
505 8 |a CHAPTER V. RELIGIOUS CREEDS AND SOCIAL CUSTOMS IN MARRIAGE AND PROSTITUTION1. PROSTITUTION AS A FORM OF HOSPITALITY; 2. PROSTITUTION AS A RELIGIOUS DUTY; 3. RITUAL ORGIES AND EROTIC FESTIVALS; 4. CHILD MARRIAGES; 5. CHILD MARRIAGE IN ITS PHYSIOLOGICAL SIGNIFICANCE; 6. THE CAMPAIGN AGAINST CHILD MARRIAGES IN INDIA; 7. PRIMITIVE CONCEPTS OF IMPREGNATION; 8. JUS PRIMÆ NOCTIS; 9. SEXUAL INTERCOURSE WITH GODS, SPIRITS, DEVILS AND DEMONS; 10. NUPTIAL ABSTINENCE; 11. THE CHRIST CHILD EMBRYO; CHAPTER VI. LOVE AND COURTSHIP; 1. LOVE; 2. THE LOVE SPELL; 3. LOVE'S HELPERS; 4. MEANS TO AVERT LOVE 
505 8 |a 5. MARRIAGE ORACLES AND PROGNOSTICATIONS6. COURTSHIP AND BETROTHAL; CHAPTER VII. MARRIAGE; 1. DEVELOPMENT OF THE INSTITUTION; 2. THE LEVIRATE AND THE HALIZAH; 3. TRIAL MARRIAGES; 4. IMPEDIMENTS TO MARRIAGE; 5. MARRIAGE BETWEEN BLOOD RELATIONS; 6. AGE AT MARRIAGE AND THE FIRST-BORN AMONG CIVILISED PEOPLES; 7. AGE AT MARRIAGE AND THE FIRST-BORN AMONG SAVAGE PEOPLES; 8. ADULTERY; 9. DIVORCE; CHAPTER VIII. THE PREGNANT WOMAN; 1. GENERATION AND REPRODUCTION; 2. CONCEPTION AND FERTILISATION; 3. CLIMATIC, SEASONAL AND SOCIAL INFLUENCES ON CONCEPTION; CHAPTER IX. STERILITY IN WOMAN 
505 8 |a 1. WHY ARE WOMEN STERILE?2. PHYSICAL CAUSES OF STERILITY; 3. THE WAY IN WHICH STERILITY IS REGARDED; 4. THE PREVENTION OF CONCEPTION; 5. PREVENTION OF STERILITY; 6. INDICATIONS OF STERILITY; 7. MEDICAL AND MECHANICAL MEANS OF PROMOTING CONCEPTION; 8. THE USE OF BATHS AND SPRINGS AGAINST STERILITY; 9. SUPERNATURAL HELP AGAINST STERILITY; 10. SUPERNATURAL HUMAN HELP AGAINST STERILITY; 11. THE HELP OF THE DEAD AGAINST STERILITY; 12. SOULS OF TREES, SPARKS OF FIRE AND OTHER AIDS AGAINST STERILITY; CHAPTER X. FERTILITY; 1. RACIAL DIFFERENCES IN FERTILITY; 2. FERTILITY AMONG ASIATIC PEOPLES 
650 0 |a Women. 
650 0 |a Ethnology. 
650 0 |a Sex. 
650 0 |a Women  |x Folklore. 
650 0 |a Obstetrics. 
650 2 |a Women 
650 2 |a Sexual Behavior 
650 2 |a Obstetrics 
650 6 |a Femmes. 
650 6 |a Ethnologie. 
650 6 |a Sexualité. 
650 6 |a Femmes  |x Folklore. 
650 6 |a Obstétrique. 
650 7 |a sexuality.  |2 aat 
650 7 |a women (female humans)  |2 aat 
650 7 |a Ethnology  |2 fast 
650 7 |a Obstetrics  |2 fast 
650 7 |a Sex  |2 fast 
650 7 |a Women  |2 fast 
655 7 |a Electronic books.  |2 local 
655 7 |a Folklore  |2 fast 
700 1 |a Bartels, Max  |q (Maximilian),  |d 1843-1904,  |e author.  |1 https://id.oclc.org/worldcat/entity/E39PBJqfMjvrqMXcwR4dF3FkDq 
700 1 |a Bartels, Paul,  |d 1874-1914,  |e author.  |1 https://id.oclc.org/worldcat/entity/E39PBJgCMBBjtYj8BMJHmFqvpP 
700 1 |a Dingwall, Eric John,  |e editor. 
710 2 |a ScienceDirect (Online service) 
758 |i has work:  |a Woman (Text)  |1 https://id.oclc.org/worldcat/entity/E39PCH7twqVgV93Kt6dqhHmXtX  |4 https://id.oclc.org/worldcat/ontology/hasWork 
856 4 0 |u http://proxy.library.tamu.edu/login?url=https://www.sciencedirect.com/science/book/9781483166711  |z Connect to the full text of this electronic book  |t 0 
955 |a Elsevier ScienceDirect 2026-2027 
994 |a 92  |b TXA 
999 f f |i 136a8ddc-cc67-4fb8-9cac-7b95f14421ad  |s 8ef1ba0e-81ec-4951-af53-a9e83bc92337  |t 0 
952 f f |a Texas A&M University  |b College Station  |c Electronic Resources  |s www_evans  |d Available Online  |t 0  |e HQ1101   |h Library of Congress classification 
998 f f |a HQ1101   |t 0  |l Available Online